01110nam a2200193Ia 4500001001100000003001000011008004100021040002500062041001300087100003100100245003400131250001100165260006700176300001200243500026200255501011400517520026200631650002300893L250-16641IT-CnALBA170116s9999||||xx |||||||||||||| ||und|| aIT-CnALBAcIT-CnALBA aITALIANO aBARRA GIOVANNI, SACERDOTE. 0aDIRETTORI SPIRITUALI D'OGGI.  a2a ed. aCINISELLO BALSAMO (MI)bEDIZIONI PAOLINEc1962 [1° Ed.: n.d.] a296 p.  aGESÙ CRISTO DIRETTORE UNICO. SCHELLHORN P. GIUSEPPE. CORDOVANI P. MARIANO. GALLOTTI SILVIO. BOCCARDO LUIGI. PADRE LEOPOLDO DA CASTELNUOVO. PIETRO LA FONTAINE CARDINALE. DANIELE P. CONSIDINE. GINHAL P. PAOLO. EDOARDO DON POPPE. P. BERNADOT, LETTERE. P. LAC aSocietà San Paolo EM - Piazza San Paolo, 14 - 12051 ALBA (CN) (non commercial uses only) ® Copyright 2017 aGESÙ CRISTO DIRETTORE UNICO. SCHELLHORN P. GIUSEPPE. CORDOVANI P. MARIANO. GALLOTTI SILVIO. BOCCARDO LUIGI. PADRE LEOPOLDO DA CASTELNUOVO. PIETRO LA FONTAINE CARDINALE. DANIELE P. CONSIDINE. GINHAL P. PAOLO. EDOARDO DON POPPE. P. BERNADOT, LETTERE. P. LAC aTEOLOGIA PASTORALE